000
00291nam a2200145Ia 4500
100
_a
Infuse Inc
942
_c
BK
654
_a
Products
245
_a
New Products
260
_b
Infuse Inc
_a
New Delhi
_c
1995
082
_a
658.562
_b
INF
300
_a
134
546
_a
ENGLISH
999
_c
31770
_d
31770